Statistics for German language in Europe

Click here to take the quiz!

General Stats

  • This quiz has been taken 430 times
  • The average score is 6 of 6

Answer Stats

Speaker Population Country % Correct
80,000,000Germany
100%
8,000,000Austria
99%
5,000,000Switzerland
99%
500,000Luxembourg
91%
70,000Belgium
90%
30,000Liechtenstein
85%

Score Distribution

Percentile by Number Answered

Percent of People with Each Score

Your Score History

You have not taken this quiz